000 00921nam a2200325Ia 4500
001 Z_6293
003 CHAP
008 220113s1995 xx 000 0 und d
010 _a169530
020 _a968-884-326-1
040 _cCHAP
082 _a333.0972 T67
100 _aTorres Carral, Guillermo
_9114067
245 _aEl minifundio en una estrategia alternativa de desarrollo /
_cGuillermo Torres Carral
260 _aMéxico :
_bUACh :,
_bDirección de Difusión Cultural,
_c1995
300 _a146 p.
503 _aej.1: s/n
504 _aBibliografía: p. 141
650 _aAgricultura sustentable
_92010
650 _aDesarrollo rural
_932067
650 _aEcología agrícola
_935165
650 _aTierras
_xTenencia
_xMéxico
_9138138
710 _aUACh: Dirección de Difusión Cultural
901 _a333.0972 T67
902 _aM
910 _a1995
942 _c1
942 _cc1
999 _c169530
_d169530